| Tag |
First Indicator |
Second Indicator |
Subfields |
| LEADER |
00000cas a2200000 a 4500 |
| 001 |
in00000760321 |
| 005 |
20151017052342.0 |
| 008 |
881128d19891995enkar r 0uuua0eng d |
| 010 |
|
|
|z 89656185//r962
|z sn 89024014
|
| 019 |
|
|
|a 19002191
|
| 035 |
|
|
|a (OCoLC)18806345
|
| 035 |
|
|
|9 ADK9926AM
|
| 040 |
|
|
|a CLE
|c CLE
|d GUA
|d OCL
|d GUA
|d COO
|d DLC
|d TXA
|d UtOrBLW
|
| 042 |
|
|
|a lc
|
| 049 |
|
|
|a TXAE
|
| 050 |
0 |
0 |
|a TA1215
|b .J34
|
| 245 |
0 |
0 |
|a Jane's containerisation directory.
|
| 246 |
1 |
0 |
|a Containerisation directory.
|
| 264 |
|
1 |
|a Surrey, U.K. :
|b Jane's Transport Data,
|c ©1988-©1994.
|
| 300 |
|
|
|a 6 volumes :
|b illustrations ;
|c 30 cm.
|
| 310 |
|
|
|a Annual
|
| 336 |
|
|
|a text
|b txt
|2 rdacontent
|
| 337 |
|
|
|a unmediated
|b n
|2 rdamedia
|
| 338 |
|
|
|a volume
|b nc
|2 rdacarrier
|
| 362 |
0 |
|
|a 1988/89-26th ed. (1994-95).
|
| 515 |
|
|
|a 1988/89-1991/92 (20th-23rd eds.) lack edition statement; edition statement resumes with the 24th ed. (1992/93)- .
|
| 650 |
|
0 |
|a Transportation
|x Directories.
|
| 650 |
|
0 |
|a Containerization
|x Directories.
|
| 650 |
|
0 |
|a Shipping
|v Directories.
|
| 780 |
0 |
0 |
|t Jane's freight containers
|x 0075-3033
|w (DLC) 74002497
|w (OCoLC)1642531
|
| 785 |
0 |
0 |
|t Jane's intermodal transportation
|w (DLC) 96659093
|w (OCoLC)33980510
|
| 948 |
|
|
|a t2
|
| 999 |
|
|
|a MARS
|
| 999 |
f |
f |
|s 79a7af72-2e96-3344-b215-2c3662742c0a
|i abe2cdbf-6310-3d54-b02d-0c782563eff2
|t 0
|
| 952 |
f |
f |
|p ric
|a Texas A&M University
|b Rellis Campus
|c Joint Library Facility
|d Remote Storage
|t 0
|e TA1215 .J34
|h Library of Congress classification
|i unmediated -- volume
|k 25th ed.
|l 1993/1994
|m A14817647894
|
| 952 |
f |
f |
|p ric
|a Texas A&M University
|b Rellis Campus
|c Joint Library Facility
|d Remote Storage
|t 0
|e TA1215 .J34
|h Library of Congress classification
|i unmediated -- volume
|l 1988/1989
|m A14811279902
|
| 952 |
f |
f |
|p ric
|a Texas A&M University
|b Rellis Campus
|c Joint Library Facility
|d Remote Storage
|t 0
|e TA1215 .J34
|h Library of Congress classification
|i unmediated -- volume
|k 26th ed.
|l 1994/1995
|m A14818696163
|
| 952 |
f |
f |
|p ric
|a Texas A&M University
|b Rellis Campus
|c Joint Library Facility
|d Remote Storage
|t 0
|e TA1215 .J34
|h Library of Congress classification
|i unmediated -- volume
|k 24th ed.
|l 1992/1993
|m A14817374085
|
| 952 |
f |
f |
|p ric
|a Texas A&M University
|b Rellis Campus
|c Joint Library Facility
|d Remote Storage
|t 0
|e TA1215 .J34
|h Library of Congress classification
|i unmediated -- volume
|l 1991/1992
|m A14815308062
|
| 952 |
f |
f |
|p ric
|a Texas A&M University
|b Rellis Campus
|c Joint Library Facility
|d Remote Storage
|t 0
|e TA1215 .J34
|h Library of Congress classification
|i unmediated -- volume
|l 1989/1990
|m A14811303010
|
| 952 |
f |
f |
|p ric
|a Texas A&M University
|b Rellis Campus
|c Joint Library Facility
|d Remote Storage
|t 0
|e TA1215 .J34
|h Library of Congress classification
|i unmediated -- volume
|l 1990/1991
|m A14813464147
|
| 998 |
f |
f |
|a TA1215 .J34
|s 24th ed. (1992/1993)-26th ed. (1994/1995)
|t 0
|l Remote Storage
|